000 01128nam a22003137i 4500
003 EG-GICUC
005 20260514001610.0
008 260514s1907 ua ||||fr|||| 00| 0 fre d
040 _aEG-GiCUC
_bfre
_cEG-GiCUC
_dEG-GiCUC
_eRda
041 1 _afre
_hara
082 0 4 _221
_a343
_bHO.T
092 0 4 _221
099 _aLaw1 10 343 HO.T 1997
100 1 _aHosni, Naguib
_eAuteur
245 1 0 _aTheorie generale de la participation criminelle /
_cpar Naguib Hosni
264 _aLe Caire :
_bCairo University Publishing & Printing Center,
_c1997.
300 _a46 page :
_billustration ;
_c 24 cm.
336 _2rda contenu
_a texte
337 _2rda medias
_aOrdinateur
338 _2 transporteur rda
_a Ressource en ligne
500 _aL'auteur est un professeur de sciences créatives et ancien doyen de la faculté de droit créatif de l'université du Caire.
504 _aBibliography: pages 200-250. 240-220
546 _aTexte en français
650 1 _aSciences Criminelles
_2qrmak
651 1 _2qrmak
856 4 0 _uhttps://fll.law.cu.edu.eg/fulltext/bks/B10-11192.pdf
905 _a44
942 _2ddc
_cBK
_e21
_n0
999 _c76870
_d76870